Návrh na zdokonalenie systému vzdelávania a rozvoja zamestnancov v spoločnosti Faurecia Automotive Slovakia, s.r.o.

Uložené v:
Podrobná bibliografia
Hlavný autor: Krivosudská, Jana (Autor)
Ďalší autori: Čambál, Miloš (Vedúci práce)
Médium: Rukopis Kniha
Jazyk:Slovak
Vydavateľské údaje: 2022
Predmet:
On-line prístup:http://is.stuba.sk/zp/portal_zp.pl?podrobnosti=164235
Tagy: Pridať tag
Žiadne tagy, Buďte prvý, kto otaguje tento záznam!

MARC

LEADER 00000ntm a22000003a 4500
001 stuzp89024
003 SK-STU
005 20220611211658.9
007 ta
008 150427s2015----xo-----f-mn---000-0-slo-d
040 |a STU  |b slo 
041 0 |a slo 
100 1 |a Krivosudská, Jana  |u 064000  |k Z4  |4 aut  |U MTF Materiálovotechnologická fakulta  |T MTF Ústav priemyselného inžinierstva a manažmentu  |X 91491  |U M4000  |Y 84  |7 91491 
242 0 1 |a Proposal for improving the system of education and development of employees in the company Faurecia Automotive Slovakia, s.r.o.  |y eng 
245 1 0 |a Návrh na zdokonalenie systému vzdelávania a rozvoja zamestnancov v spoločnosti Faurecia Automotive Slovakia, s.r.o. 
260 |c 2022 
650 4 |a vzdelávanie zamestnancov  |2 slo 
650 4 |a zamestnanci  |2 slo 
650 4 |a rozvoj zamestnancov  |2 slo 
650 4 |a metódy rozvoja zamestnancov  |2 slo 
650 4 |a employee development  |2 eng 
650 4 |a methods of employee development  |2 eng 
650 4 |a employee education  |2 eng 
650 4 |a staff  |2 eng 
700 1 |a Čambál, Miloš  |u 064000  |k Z1  |4 ths  |U MTF Materiálovotechnologická fakulta  |T MTF Ústav priemyselného inžinierstva a manažmentu  |X 279  |U M4000  |Y 84  |7 A000000279 
856 4 |u http://is.stuba.sk/zp/portal_zp.pl?podrobnosti=164235 
996 |c M* DP-14943  |l MMSKP  |s P  |a 0  |w stuzp89024_0001